Suomen jalkapallomaajoukkueen parhaat maalintekijät - Statistics

Yleistilastot
  • Tätä visaa on pelattu 569 kertaa
  • Keskiarvotulos 4 / 10
Vastaustilastot
Maalit Vuodet Pelaaja % Oikein
42 2009- Teemu Pukki
99%
32 1989-2010 Jari Litmanen
97%
17 2012- Joel Pohjanpalo
78%
29 1999-2014 Mikael Forssell
62%
22 1996-2010 Jonatan Johansson
38%
18 1986-2000 Mixu Paatelainen
32%
20 1983-1996 Ari Hjelm
27%
16 1924-1935 Aulis Koponen
3%
16 1923-1937 Gunnar Åström
3%
17 1919-1926 Verner Eklöf
3%
Ehtoja vastaavia visoja ei löytynyt
Tulosjakauma
Jokaisen tuloksen saaneiden osuus
Persentiili vastausten määrän mukaan
Tuloshistoriasi
Et ole pelannut tätä visaa